LIBRARY & INFORMATION CENTRE, KCAET, TAVANUR

ONLINE PUBLIC ACCESS CATALOGUE (OPAC)

Managing The Constuction Pricess: Estimating,Scheduling,and Project Control (Record no. 14408)

MARC details
000 -LEADER
fixed length control field 00351nam a22001337a 4500
020 ## - INTERNATIONAL STANDARD BOOK NUMBER
ISBN 9788131766804
082 ## - DEWEY DECIMAL CLASSIFICATION NUMBER
Classification number 621.7
Item number GOU/MA
100 ## - MAIN ENTRY--AUTHOR NAME
Personal name Gould,Frederick E.
245 ## - TITLE STATEMENT
Title Managing The Constuction Pricess: Estimating,Scheduling,and Project Control
250 ## - EDITION STATEMENT
Edition statement 4 th
260 ## - PUBLICATION, DISTRIBUTION, ETC. (IMPRINT)
Place of publication New Delhi
Name of publisher Pearson
Year of publication 2012
300 ## - PHYSICAL DESCRIPTION
Number of Pages 290.00
942 ## - ADDED ENTRY ELEMENTS (KOHA)
Koha item type Books
Holdings
Withdrawn status Lost status Damaged status Collection code Home library Current library Shelving location Date acquired Source of acquisition Cost, normal purchase price Full call number Accession Number Koha item type
        KAUAET KAUAET General Stacks 30/03/2013 Aman Book Stall, Calicut 350.00 621.7 GOU/MA 24079 Books
free website counter